000 00504cam a22001937a 4500
999 _c100
_d230604
001 000101
003 armpunfd
005 20190425114617.0
008 011019e1937####xx#a##########000#0#und#d
040 _aarmpunfd
_carmpunfd
080 _a34(37) J 709
100 1 0 _a Jors, Paul
245 1 0 _aDerecho privado romano
260 _a Barcelona
_b Labor
_c1937
300 _a563 p. -- (Ciencias Juridicas)
650 7 _a Derecho Privado Romano
_2LEMB
942 _cLB
_2cdu
945 _aCatalis
_d2010-08-19